000 00574nam a2200229Ia 4500
003 0100
008 130303s9999 xx 000 0 und d
020 _a139780521654289
040 _cARRUPELIB
050 _aBD418.3.L69 1999
100 _aLowe, E.J.
245 3 _aAn introduction to the philosophy of mind
260 _aCambridge
260 _bCambridge University Press
260 _C2000
300 _axiii
300 _b 318p. 22cm
650 _bOrthoptics
650 _cEyr - Care and hygiene
650 _dorthoptics -Popular works
942 _2lcc
_08
999 _c62931
_d62931